Statystyki dla Co najczęściej umieszczamy na tapecie telefonu?

Kliknij tutaj aby rozwiązać quiz!

Ogólne statystyki

  • Ten quiz został rozwiązany 10 razy
  • Średni wynik to 2 z 7

Statystyki odpowiedzi

HintOdpowiedź% Poprawnych
3.Psa | Kota
89%
1.Krajobrazy
33%
5.Zdjęcia chłopaka | Męża
33%
6.Samochody
22%
7.Budowle
0%
2.Zdjęcia dzieci
0%
4.Zdjęcia dziewczyny | Żony
0%

Rozkład punktacji

Percentyl według liczby udzielonych odpowiedzi

Procent ludzi z każdym wynikiem

Twoja historia wyników

Nie rozwiązałeś tego quizu